Better than one : (Record no. 25289)

MARC details
000 -LEADER
fixed length control field 00688nam a22001937a 4500
003 - CONTROL NUMBER IDENTIFIER
control field AUA.1
005 - DATE AND TIME OF LATEST TRANSACTION
control field 20251121113209.0
008 - FIXED-LENGTH DATA ELEMENTS--GENERAL INFORMATION
fixed length control field 251121b |||||||| |||| 00| 0 eng d
020 ## - INTERNATIONAL STANDARD BOOK NUMBER
International Standard Book Number 9781839735363
040 ## - CATALOGING SOURCE
Transcribing agency JTL
050 ## - LIBRARY OF CONGRESS CALL NUMBER
Classification number BV4911
Item number .C46 2023
100 ## - MAIN ENTRY--PERSONAL NAME
Personal name Chornobai, Valeriia
Relator term author.
245 ## - TITLE STATEMENT
Title Better than one :
Remainder of title a Biblical view of loneliness /
Statement of responsibility, etc Valeriia Chornobai and Viktoriia Hrytsenko.
260 ## - PUBLICATION, DISTRIBUTION, ETC. (IMPRINT)
Place of publication, distribution, etc Cumbria, UK :
Name of publisher, distributor, etc Langham Global Library;
Date of publication, distribution, etc c2023.
300 ## - PHYSICAL DESCRIPTION
Extent xiv, 186 pages :
Other physical details illustrations :
Dimensions 23 cm.
650 ## - SUBJECT ADDED ENTRY--TOPICAL TERM
Topical term or geographic name as entry element Loneliness
Form subdivision Religious aspects
General subdivision Christianity
700 ## - ADDED ENTRY--PERSONAL NAME
Personal name Hrytsenko, Viktoriia
Relator term author.
942 ## - ADDED ENTRY ELEMENTS (KOHA)
Source of classification or shelving scheme Library of Congress Classification
Koha item type Books
Classification part BV 4911
Item part .C46 2023
Holdings
Withdrawn status Lost status Source of classification or shelving scheme Damaged status Not for loan Collection code Home library Current library Shelving location Date acquired Source of acquisition Cost, normal purchase price Serial Enumeration / chronology Total Checkouts Total Renewals Full call number Barcode Date last seen Date checked out Cost, replacement price Price effective from Koha item type
    Library of Congress Classification     Books Judith Thomas Library Judith Thomas Library General Stacks 21/11/2025 Grant, Langham Partnership 9.80 AUA28040 1 2 BV 4911 .C46 2023 AUA28040 24/02/2026 23/11/2025 9.80 21/11/2025 Books